| 000 | 00571 a2200229 4500 | ||
|---|---|---|---|
| 001 | 200000530 | ||
| 999 |
_c200000530 _d43096 |
||
| 003 | TR-AnTOB | ||
| 005 | 20190408215729.0 | ||
| 008 | 090723s2005 sp 00000 eng | ||
| 020 | _a1405075627 | ||
| 040 | _aTR-AnTOB | ||
| 041 | _aeng | ||
| 050 | 0 |
_aTRCCPBPRI2005 _bPRIa |
|
| 090 | _aTRC C PB PRI 2005 PRIa | ||
| 100 | 1 |
_aPrimalis, Dimitris _968290 |
|
| 245 | 0 |
_aLaser : _bintermediate. test book / _cDimitris Primalis. |
|
| 264 | 1 |
_aSpain : _bMacmiilan, _c2005. |
|
| 300 | _a46 p. | ||
| 903 | _aOkutman Kaynak Merkezi | ||
| 945 | _aÇP | ||
| 942 | _cBK | ||